Cathéchisme de persévérance ou exposé historique, dogmatique, moral, liturgique, apologétique,philosophique et social de la religión

Detalles Bibliográficos
Autor principal: GAUME, J. (Abad)
Formato: Libro
Publicado: París 1849
Edición:6a.ed.
Materias:
Colección:Banco de datos
Acervo:Biblioteca Nacional de Antropología e Historia. Fondo Conventual
Descripción Física:t.VIII
Tema general:Catequética
Notas:Regular. "París.-Imprimé par Plon Frères ." Ex libris en sello desconocido. IX, 9, 2.
LEADER 00839nam a22002170004500
035 |a 7553 
036 |a 2158 
100 1 |a GAUME, J. (Abad) 
245 1 0 |a Cathéchisme de persévérance ou exposé historique, dogmatique, moral, liturgique, apologétique,philosophique et social de la religión 
250 |a 6a.ed. 
260 |a París  |b ed. Hermanos Gaume  |c 1849 
300 |a t.VIII 
500 |a Regular. "París.-Imprimé par Plon Frères ." Ex libris en sello desconocido. IX, 9, 2. 
650 1 0 |a Catequética 
949 |a B.N.A.H. 
959 |a Biblioteca Nacional de Antropología e Historia. Ciudad de México  |b CCC1 
960 |a Seminario de Morelia  |b DD56 
961 |a Casa de formación del Clero Secular  |b CS 
942 |c B.N.A.H. 
943 |g Biblioteca Nacional de Antropología e Historia. Fondo Conventual 
999 |c 1032085  |d 1032085